| 000 | 00716nam a22002177a 4500 | ||
|---|---|---|---|
| 999 |
_c310 _d310 |
||
| 003 | AR-CdUCM | ||
| 008 | 190222b ||||| |||| 00| 0 spa d | ||
| 020 | _a8470760424 | ||
| 040 |
_aMUNICIPALIDAD PROVINCIAL DEL CUSCO _cBIBLIOTECA MUNICIPAL DEL CUSCO |
||
| 082 |
_a858.8 / _bSA164 |
||
| 100 |
_aSalgari, Emilio _9800 |
||
| 245 | _aLa Venganza / | ||
| 260 |
_aMadrid : _bGahe, _c1975. |
||
| 300 |
_a172 paginas ; _b8 Ilustraciones. _c20 cm. |
||
| 505 | _aEl odio del corsario negro -- El asalto a Maracaibo -- En la selva virgen -- El tremedal -- La acometida del jaguar... | ||
| 650 |
_aCombate _91267 |
||
| 650 |
_aEnemigos _91268 |
||
| 650 |
_aSoldados _91167 |
||
| 942 |
_2ddc _cLIBROS |
||
| 945 |
_awnts _d2019-02-22 |
||